|
|
|
|
| LEADER |
01070nam a2200277 a 4500 |
| 001 |
12938426 |
| 008 |
110818r20052003ii a b 001 0 eng d |
| 010 |
|
|
|a 2002034368
|
| 020 |
|
|
|a 8120327543
|
| 020 |
|
|
|a 0130355488
|
| 040 |
|
|
|a DLC
|c DLC
|d DLC
|d BD-DhAAL
|
| 082 |
0 |
0 |
|a 005.8
|2 21
|
| 100 |
1 |
|
|a Pfleeger, Charles P.,
|d 1948-
|
| 245 |
1 |
0 |
|a Security in computing /
|c Charles P. Pfleeger, Shari Lawrence Pfleeger.
|
| 250 |
|
|
|a 3rd ed.
|
| 260 |
|
|
|a Upper Saddle River, N.J. ;
|a New Delhi :
|b Prentice Hall PTR ;
|c 2003.[reprinted 2005]
|
| 300 |
|
|
|a xxvii, 746 p. :
|b ill. ;
|c 24 cm.
|
| 504 |
|
|
|a Includes bibliographical references (p. 691-725) and index.
|
| 541 |
1 |
|
|e 00013573
|
| 650 |
|
0 |
|a Computer security.
|
| 650 |
|
0 |
|a Data protection.
|
| 650 |
|
0 |
|a Privacy, Right of.
|
| 700 |
1 |
|
|a Pfleeger, Shari Lawrence.
|
| 852 |
4 |
|
|a Ayesha Abed Library
|j General Shelf.
|
| 999 |
|
|
|c 11204
|d 11204
|
| 952 |
|
|
|0 0
|1 0
|2 ddc
|4 0
|6 005_800000000000000_PFL
|7 0
|9 17878
|a BRACUL
|b BRACUL
|c GEN
|d 2011-08-21
|g 387.40
|l 2
|m 24
|o 005.8 PFL
|p 3010013573
|r 2024-06-25
|s 2023-12-12
|t 1
|w 2011-08-21
|y BK
|x RS-325.00
|